Contribución al estudio general de la agricultura en la provincia de Barcelona / por José Llovet Mont-Ros
Descripción Física:
85 p., [12] mapes ; 24 cm
MARC
| LEADER | 00000nam a2200000Ia 4500 | ||
|---|---|---|---|
| 001 | 903 | ||
| 008 | 160829s1948 xx 000 0 cat d | ||
| 080 | |a C-1-495 | ||
| 100 | |a Llovet Mont-Ros, Josep |9 22397 | ||
| 245 | |a Contribución al estudio general de la agricultura en la provincia de Barcelona / por José Llovet Mont-Ros | ||
| 260 | |a Barcelona : |b [s.n.], |c 1948 | ||
| 300 | |a 85 p., [12] mapes ; |c 24 cm | ||
| 590 | |a Abans del títol: Diputación Provincial de Barcelona | ||
| 650 | |a Agricultura |x Aspectes econòmics |x Catalunya |9 22051 | ||
| 710 | 1 | |a Barcelona (Catalunya : Província). |b Diputació |9 52408 | |
| 901 | |a Arxiu | ||
| 942 | |n 1 | ||
| 952 | |0 0 |1 0 |4 0 |6 C1495 |7 1 |9 42198 |a Arxiu |b Arxiu |d 2016-12-01 |l 0 |o C-1-495 |p 903 |r 2016-12-01 00:00:00 |w 2016-12-01 |y ARXIU | ||
| 999 | |c 44645 |d 44645 | ||